00487nam a2200181Ia 4500003000400000008004100004020001500045040001600060082001300076100001600089245004100105260004500146300002100191490003100212650001600243650002100259650002500280GCL140319s9999 xx 000 0 eng d a2880485125 aGCL / cGCL04a770bD L1 aDAYE, DAVID10aLOWLIGHT PHOTOGRAPHY / cDAYE, DAVID aسويسرا : bROTOVISION SA ، c1999 a20 CM ؛ c127 P aBETTER PICTURE GUIDE TOv004aPHOTOGRAPHY04aARTIFICIAL LIGHT04aLOWLIGHT PHOTOGRAPHY